[Event "Europa ch 2014"]
[Site "Yerevan ARM"]
[Date "2014.03.10"]
[Round "7.10"]
[White "Kovalenko, Igor"]
[Black "Moiseenko, Alexander"]
[Result "0-1"]
[WhiteElo "2626"]
[BlackElo "2712"]
[PlyCount "76"]
[EventDate "2014.03.03"]
[EventType "swiss"]
[EventRounds "11"]
[EventCountry "ARM"]
[Source "lmi"]
[SourceDate "2014.03.02"]

1. e4 c5 2. Nf3 e6 3. b3 b6 4. Bb2 Bb7 5. Nc3 a6 6. Bd3 Nc6 7. O-O Nge7 8. Re1
Ng6 9. Bf1 Bd6 10. Ne2 O-O 11. Ng3 Nce5 12. Nxe5 Bxe5 13. Bxe5 Nxe5 14. c3 Qh4
15. f3 Ng6 16. d4 d5 17. exd5 Bxd5 18. dxc5 bxc5 19. Qd2 Rfd8 20. Qf2 Qe7 21.
Rad1 a5 22. Bd3 Nf4 23. Bc2 g6 24. Qe3 Qf6 25. Be4 a4 26. c4 axb3 27. axb3 Ra2
28. cxd5 Qb2 29. Ne2 Nxe2+ 30. Rxe2 Qxe2 31. Qxe2 Rxe2 32. Rd3 exd5 33. Bxd5
Kf8 34. f4 Re7 35. Bc4 Rxd3 36. Bxd3 Rd7 37. Bc4 Rd4 38. g3 Rd2 0-1

[Event "Europa ch 2014"]
[Site "Yerevan ARM"]
[Date "2014.03.10"]
[Round "7.11"]
[White "Tomashevsky, Evgeny"]
[Black "Perunovic, Milos"]
[Result "0-1"]
[WhiteElo "2711"]
[BlackElo "2617"]
[PlyCount "66"]
[EventDate "2014.03.03"]
[EventType "swiss"]
[EventRounds "11"]
[EventCountry "ARM"]
[Source "lmi"]
[SourceDate "2014.03.02"]

1. d4 Nf6 2. c4 c5 3. d5 b5 4. cxb5 a6 5. bxa6 g6 6. Nc3 Bg7 7. Nf3 O-O 8. g3
d6 9. Bg2 Nbd7 10. O-O Nb6 11. Re1 Bxa6 12. Rb1 Bc4 13. e4 Bxa2 14. Nxa2 Rxa2
15. b4 c4 16. Nd4 Ng4 17. Rf1 Na4 18. Nc6 Qd7 19. Bh3 h5 20. Qf3 Kh7 21. Bf4
Ra8 22. Rbc1 Nb2 23. Rc2 Nd3 24. Qe2 Nxf4 25. gxf4 Rxc2 26. Qxc2 Ra3 27. Bg2
Bh6 28. h3 Bxf4 29. hxg4 Qxg4 30. Nd4 Rh3 31. Ra1 Rh2 32. f3 Qg3 33. Kf1 Be3
0-1

[Event "Europa ch 2014"]
[Site "Yerevan ARM"]
[Date "2014.03.10"]
[Round "7.12"]
[White "Artemiev, Vladislav"]
[Black "Fressinet, Laurent"]
[Result "1/2-1/2"]
[WhiteElo "2621"]
[BlackElo "2709"]
[PlyCount "81"]
[EventDate "2014.03.03"]
[EventType "swiss"]
[EventRounds "11"]
[EventCountry "ARM"]
[Source "lmi"]
[SourceDate "2014.03.02"]

1. e4 e5 2. Nf3 Nc6 3. Bb5 Nf6 4. d3 Bc5 5. c3 O-O 6. O-O d6 7. h3 Ne7 8. d4
Bb6 9. Re1 Ng6 10. Bd3 Nh5 11. Na3 Nhf4 12. Nc4 exd4 13. Nxb6 axb6 14. cxd4
Nxd3 15. Qxd3 d5 16. Bg5 dxe4 17. Bxd8 exd3 18. Bxc7 Be6 19. Red1 Rfc8 20. Bg3
Rxa2 21. Rxa2 Bxa2 22. Rxd3 Bd5 23. Ne5 Rd8 24. Ng4 f5 25. Ne5 Nxe5 26. dxe5
Kf7 27. Bh4 Rd7 28. f4 Ke6 29. g4 Bc6 30. Rxd7 Bxd7 31. Kg2 Bc6+ 32. Kg3 b5 33.
Bd8 g6 34. Kh4 Bg2 35. b4 Bf1 36. Kg3 Bc4 37. Kf2 Kd5 38. gxf5 gxf5 39. Kg3 Ke6
40. Kh4 Bf1 41. Kg3 1/2-1/2

[Event "Europa ch 2014"]
[Site "Yerevan ARM"]
[Date "2014.03.10"]
[Round "7.13"]
[White "Salgado Lopez, Ivan"]
[Black "Kryvoruchko, Yuriy"]
[Result "1/2-1/2"]
[WhiteElo "2605"]
[BlackElo "2706"]
[PlyCount "77"]
[EventDate "2014.03.03"]
[EventType "swiss"]
[EventRounds "11"]
[EventCountry "ARM"]
[Source "lmi"]
[SourceDate "2014.03.02"]

1. e4 e5 2. Nf3 Nc6 3. Bb5 Nf6 4. O-O Nxe4 5. Re1 Nd6 6. Nxe5 Be7 7. Bf1 Nxe5
8. Rxe5 O-O 9. Nc3 Ne8 10. Nd5 Bd6 11. Re1 c6 12. Ne3 Bc7 13. Nf5 d5 14. Ne7+
Kh8 15. Nxc8 Rxc8 16. d3 f5 17. Qf3 Qd7 18. Bf4 Bxf4 19. Qxf4 Nd6 20. c4 Nf7
21. g3 d4 22. Re2 g5 23. Qf3 Rfe8 24. Rae1 Rxe2 25. Qxe2 Kg7 26. Qe6 Rc7 27. f4
Qxe6 28. Rxe6 Rd7 29. Kf2 g4 30. h3 h5 31. h4 Nd8 32. Re8 Kf7 33. Rh8 Kg7 34.
Rxh5 Rf7 35. Rg5+ Kh7 36. Rh5+ Kg7 37. Rg5+ Kh7 38. Rh5+ Kg7 39. Rg5+ 1/2-1/2

[Event "Europa ch 2014"]
[Site "Yerevan ARM"]
[Date "2014.03.10"]
[Round "7.14"]
[White "Fridman, Daniel"]
[Black "Areshchenko, Alexander"]
[Result "0-1"]
[WhiteElo "2604"]
[BlackElo "2705"]
[PlyCount "128"]
[EventDate "2014.03.03"]
[EventType "swiss"]
[EventRounds "11"]
[EventCountry "ARM"]
[Source "lmi"]
[SourceDate "2014.03.02"]

1. d4 Nf6 2. c4 g6 3. Nc3 d5 4. e3 Bg7 5. cxd5 Nxd5 6. Nxd5 Qxd5 7. Ne2 O-O 8.
Nc3 Qd6 9. Be2 c6 10. O-O e5 11. dxe5 Qxe5 12. e4 Nd7 13. Be3 Qe7 14. Qc2 Re8
15. Rfe1 Nf6 16. Rad1 Be6 17. Rd2 b6 18. Red1 Ng4 19. Bxg4 Bxg4 20. f3 Be6 21.
Qd3 Be5 22. Bd4 Bf4 23. Rc2 Rad8 24. Qe2 Rd7 25. g3 Bh6 26. f4 Red8 27. Rcd2 c5
28. Be3 Rxd2 29. Rxd2 Rxd2 30. Qxd2 Bg7 31. e5 h6 32. a3 Kh7 33. Nb5 Qb7 34.
Qg2 Bd5 35. Qd2 Bc6 36. Nd6 Qd7 37. Kf1 Qe6 38. b4 cxb4 39. axb4 Qb3 40. Kf2
Bf8 41. g4 Be7 42. f5 Bh4+ 43. Ke2 Be7 44. f6 Bf8 45. h4 Bd7 46. Kf3 Be6 47. g5
Qb1 48. Kg2 Bxd6 49. exd6 Qe4+ 50. Kg1 Qg4+ 51. Kf1 Qxh4 52. gxh6 Qxf6+ 53. Kg1
Qa1+ 54. Kf2 Qe5 55. Qd3 Bf5 56. Qd2 Bd7 57. Qd3 Bb5 58. Qb3 Qh2+ 59. Kf3 Bc6+
60. Kg4 Qg2+ 61. Kh4 Qh1+ 62. Kg5 Qf3 63. Kh4 Bd7 64. Qc4 Qh3+ 0-1

[Event "Europa ch 2014"]
[Site "Yerevan ARM"]
[Date "2014.03.10"]
[Round "7.15"]
[White "Andriasian, Zaven"]
[Black "Navara, David"]
[Result "0-1"]
[WhiteElo "2600"]
[BlackElo "2700"]
[PlyCount "124"]
[EventDate "2014.03.03"]
[EventType "swiss"]
[EventRounds "11"]
[EventCountry "ARM"]
[Source "lmi"]
[SourceDate "2014.03.02"]

1. e4 c6 2. d4 d5 3. Nc3 dxe4 4. Nxe4 Bf5 5. Ng3 Bg6 6. N1e2 e6 7. Nf4 Bd6 8.
Ngh5 Bxh5 9. Nxh5 g6 10. Ng3 Nf6 11. c3 Nbd7 12. Bc4 Qc7 13. Qf3 O-O 14. Bg5
Kg7 15. O-O h6 16. Be3 c5 17. Bb3 cxd4 18. cxd4 Rac8 19. Rad1 h5 20. h3 Nb6 21.
Ne4 Nxe4 22. Qxe4 Qd7 23. Rfe1 Nd5 24. Bg5 Rfe8 25. Qf3 Kg8 26. g3 Bf8 27. Bxd5
exd5 28. Kg2 Bg7 29. Bf6 Re6 30. Bxg7 Kxg7 31. Re5 Rc2 32. Rxd5 Qc6 33. Rf5
Qxf3+ 34. Rxf3 Rxb2 35. a3 Ree2 36. Rdd3 Rbd2 37. Rc3 Re7 38. Rfd3 Rxd3 39.
Rxd3 Kf6 40. Kf3 Ke6 41. Re3+ Kd6 42. Ke2 g5 43. Kd3 Rxe3+ 44. fxe3 f5 45. h4
gxh4 46. gxh4 Kd5 47. a4 b6 48. Kc3 a6 49. Kd3 a5 50. Kc3 Ke4 51. Kc4 Kxe3 52.
d5 f4 53. d6 f3 54. d7 f2 55. d8=Q f1=Q+ 56. Kc3 Qc1+ 57. Kb3 Qb1+ 58. Kc3 Qb4+
59. Kc2 Qxa4+ 60. Kb1 Qb3+ 61. Ka1 Qa3+ 62. Kb1 Qd3+ 0-1

[Event "Europa ch 2014"]
[Site "Yerevan ARM"]
[Date "2014.03.10"]
[Round "7.16"]
[White "Inarkiev, Ernesto"]
[Black "Schlosser, Philipp"]
[Result "1-0"]
[WhiteElo "2698"]
[BlackElo "2612"]
[PlyCount "81"]
[EventDate "2014.03.03"]
[EventType "swiss"]
[EventRounds "11"]
[EventCountry "ARM"]
[Source "lmi"]
[SourceDate "2014.03.02"]

1. e4 c5 2. Nf3 e6 3. d4 cxd4 4. Nxd4 Nc6 5. Nc3 Qc7 6. Be3 a6 7. Qd2 Nf6 8.
O-O-O Be7 9. f3 b5 10. g4 Nxd4 11. Qxd4 Bb7 12. g5 Nh5 13. Ne2 Rc8 14. Rd2 d5
15. exd5 Bxd5 16. Nf4 Nxf4 17. Bxf4 Qa5 18. Qxg7 Rf8 19. Rxd5 Qa4 20. Rd2 Qxf4
21. h4 Rd8 22. Bd3 Bb4 23. Rhd1 Rxd3 24. cxd3 Bxd2+ 25. Rxd2 Qxh4 26. Qe5 Qh1+
27. Kc2 Qxf3 28. Qb8+ Ke7 29. Qc7+ Ke8 30. a3 Qd5 31. Kb1 Rg8 32. Rf2 Qxd3+ 33.
Ka1 Qd1+ 34. Ka2 Qd5+ 35. b3 Qd7 36. Qb8+ Qd8 37. Qf4 Qe7 38. Rc2 Qd8 39. Rc7
f6 40. Rxh7 e5 41. Qc1 1-0

[Event "Europa ch 2014"]
[Site "Yerevan ARM"]
[Date "2014.03.10"]
[Round "7.17"]
[White "Grigoryan, Avetik"]
[Black "Matlakov, Maxim"]
[Result "1/2-1/2"]
[WhiteElo "2583"]
[BlackElo "2695"]
[PlyCount "80"]
[EventDate "2014.03.03"]
[EventType "swiss"]
[EventRounds "11"]
[EventCountry "ARM"]
[Source "lmi"]
[SourceDate "2014.03.02"]

1. c4 Nf6 2. g3 e5 3. Bg2 c6 4. d4 Bb4+ 5. Bd2 Bxd2+ 6. Qxd2 d6 7. Nc3 O-O 8.
e4 Nbd7 9. Nge2 a6 10. Rd1 Qa5 11. b3 b5 12. c5 dxc5 13. dxe5 Nxe5 14. f4 Ned7
15. e5 b4 16. exf6 bxc3 17. Qxc3 Qxc3+ 18. Nxc3 Nxf6 19. Bxc6 Rb8 20. O-O Bg4
21. Rd2 Rfc8 22. Nd5 Kf8 23. Nxf6 gxf6 24. Bd5 Rd8 25. Rff2 a5 26. f5 Bh3 27.
a4 Kg7 28. Bc4 Rxd2 29. Rxd2 Bxf5 30. Rd5 Bc2 31. Rxc5 Bxb3 32. Bxb3 Rxb3 33.
Kg2 Rb2+ 34. Kh3 Ra2 35. Rxa5 f5 36. Rxf5 Rxa4 37. g4 f6 38. Kh4 Kg6 39. Rb5
Ra2 40. h3 Ra3 1/2-1/2

[Event "Europa ch 2014"]
[Site "Yerevan ARM"]
[Date "2014.03.10"]
[Round "7.19"]
[White "Onischuk, Vladimir"]
[Black "Alekseev, Evgeny"]
[Result "1/2-1/2"]
[WhiteElo "2583"]
[BlackElo "2692"]
[PlyCount "99"]
[EventDate "2014.03.03"]
[EventType "swiss"]
[EventRounds "11"]
[EventCountry "ARM"]
[Source "lmi"]
[SourceDate "2014.03.02"]

1. e4 c6 2. d4 d5 3. e5 Bf5 4. h4 h5 5. Bg5 Qb6 6. Bd3 Bxd3 7. Qxd3 e6 8. Nd2
Ne7 9. Ne2 Nf5 10. c4 Qa6 11. O-O Nd7 12. Ng3 g6 13. Nxf5 gxf5 14. b3 Be7 15.
Nf3 Rd8 16. Qc3 Bxg5 17. Nxg5 Nf8 18. c5 Ng6 19. g3 Qe2 20. f4 Qa6 21. a4 b6
22. Rfc1 Rc8 23. b4 Ne7 24. b5 Qb7 25. Qb3 Kf8 26. cxb6 Qxb6 27. Qb4 Qb7 28.
Rab1 Kg7 29. bxc6 Qxb4 30. Rxb4 Rc7 31. a5 a6 32. Rb6 Rhc8 33. Rxa6 Nxc6 34.
Rd1 Ne7 35. Rd2 Rc1+ 36. Kf2 Nc6 37. Nf3 Rb8 38. Ne1 Nxd4 39. Rb6 Nc6 40. Rxb8
Nxb8 41. Rb2 Na6 42. Nf3 Nc5 43. Ra2 Na6 44. Ng5 Rc3 45. Nf3 Rc4 46. Ke2 Rc3
47. Kf2 Rc4 48. Ke2 Rc3 49. Kf2 Rc4 50. Ke2 1/2-1/2

[Event "Europa ch 2014"]
[Site "Yerevan ARM"]
[Date "2014.03.10"]
[Round "7.20"]
[White "Shomoev, Anton"]
[Black "Cheparinov, Ivan"]
[Result "1-0"]
[WhiteElo "2581"]
[BlackElo "2681"]
[PlyCount "83"]
[EventDate "2014.03.03"]
[EventType "swiss"]
[EventRounds "11"]
[EventCountry "ARM"]
[Source "lmi"]
[SourceDate "2014.03.02"]

1. e4 c5 2. Nf3 d6 3. Bb5+ Nd7 4. c3 Ngf6 5. Qe2 a6 6. Ba4 b5 7. Bc2 Bb7 8. d4
cxd4 9. cxd4 e5 10. O-O Be7 11. Rd1 Qc7 12. Nc3 O-O 13. a3 Nb6 14. Bb3 Rac8 15.
Bg5 Rfe8 16. Rac1 Qb8 17. dxe5 dxe5 18. Nh4 g6 19. Qf3 Kg7 20. Qg3 Rcd8 21. Be3
Bc8 22. Nf5+ Bxf5 23. exf5 Nc4 24. Qh3 Rxd1+ 25. Nxd1 Rc8 26. fxg6 hxg6 27.
Bh6+ Kg8 28. Ne3 Nd6 29. Rd1 Nde4 30. Ng4 Rc6 31. Be3 Bf8 32. Nh6+ Bxh6 33.
Qxh6 Ng4 34. Bxf7+ Kxf7 35. Qh7+ Kf6 36. Qh4+ Kf5 37. f3 Nef6 38. fxg4+ Ke6 39.
g5 Nd5 40. Qg4+ Kd6 41. b4 Qc8 42. Qf3 1-0

[Event "Europa ch 2014"]
[Site "Yerevan ARM"]
[Date "2014.03.10"]
[Round "7.22"]
[White "Grigoriants, Sergey"]
[Black "Zhigalko, Sergei"]
[Result "1/2-1/2"]
[WhiteElo "2574"]
[BlackElo "2671"]
[PlyCount "119"]
[EventDate "2014.03.03"]
[EventType "swiss"]
[EventRounds "11"]
[EventCountry "ARM"]
[Source "lmi"]
[SourceDate "2014.03.02"]

1. Nf3 Nf6 2. c4 e6 3. g3 a6 4. Bg2 b5 5. b3 Bb7 6. O-O Be7 7. Bb2 O-O 8. Qc2
h6 9. Ng5 Bxg2 10. Bxf6 hxg5 11. Bxe7 Qxe7 12. Kxg2 Nc6 13. e3 Nb4 14. Qc3 c5
15. a3 Nc6 16. d3 d6 17. Nd2 Qb7 18. Kg1 g4 19. f3 gxf3 20. Nxf3 Rab8 21. Rab1
a5 22. Qc2 Qe7 23. d4 bxc4 24. bxc4 cxd4 25. exd4 e5 26. Qe4 Nxd4 27. Nxd4 Qa7
28. Rbd1 Rb2 29. Qe3 exd4 30. Qxd4 Qb7 31. Rf2 Rxf2 32. Kxf2 Qc7 33. Qxd6 Qxc4
34. Re1 Qc2+ 35. Kg1 Qc3 36. Rf1 Qc4 37. Re1 a4 38. Qb4 Qc6 39. Qe4 Qc3 40. Qb4
Qc6 41. Qe4 Qc5+ 42. Qe3 Qb5 43. Qe5 Qb3 44. Re3 Qb6 45. Kg2 Rd8 46. h4 Qc6+
47. Kh2 Qc1 48. Qe4 g6 49. Qf4 Rd2+ 50. Kh3 Qh1+ 51. Kg4 Qd5 52. Kh3 Qg2+ 53.
Kg4 Qd5 54. Kh3 Qd7+ 55. g4 Rd4 56. Re4 Rd3+ 57. Re3 Qd5 58. Rxd3 Qxd3+ 59. Qg3
Qb3 60. Kh2 1/2-1/2

[Event "Europa ch 2014"]
[Site "Yerevan ARM"]
[Date "2014.03.10"]
[Round "7.23"]
[White "Parligras, Mircea-Emilian"]
[Black "Saric, Ivan"]
[Result "1/2-1/2"]
[WhiteElo "2572"]
[BlackElo "2661"]
[PlyCount "80"]
[EventDate "2014.03.03"]
[EventType "swiss"]
[EventRounds "11"]
[EventCountry "ARM"]
[Source "lmi"]
[SourceDate "2014.03.02"]

1. d4 Nf6 2. c4 g6 3. Nc3 Bg7 4. e4 d6 5. f3 O-O 6. Be3 c5 7. dxc5 dxc5 8. Qxd8
Rxd8 9. Bxc5 Nc6 10. Nge2 b6 11. Ba3 Ba6 12. Nb5 Bb7 13. Nec3 Ne8 14. Nd5 e6
15. Ne7+ Nxe7 16. Bxe7 Bxb2 17. Rb1 Rd7 18. Rxb2 Rxe7 19. Be2 e5 20. Kf2 Bc6
21. a4 Rc8 22. a5 Bxb5 23. Rxb5 Nd6 24. Rd5 Nxc4 25. Rc1 Rec7 26. Rxc4 Rxc4 27.
Bxc4 Rxc4 28. axb6 axb6 29. Rxe5 Rc2+ 30. Kg3 Rb2 31. Re8+ Kg7 32. h4 h5 33. e5
Re2 34. Rb8 Rxe5 35. Rxb6 Rd5 36. Ra6 Re5 37. Rb6 Rd5 38. Ra6 Re5 39. Rb6 Rd5
40. Rc6 Rb5 1/2-1/2

[Event "Europa ch 2014"]
[Site "Yerevan ARM"]
[Date "2014.03.10"]
[Round "7.24"]
[White "Lysyj, Igor"]
[Black "Pashikian, Arman"]
[Result "1/2-1/2"]
[WhiteElo "2655"]
[BlackElo "2612"]
[PlyCount "76"]
[EventDate "2014.03.03"]
[EventType "swiss"]
[EventRounds "11"]
[EventCountry "ARM"]
[Source "lmi"]
[SourceDate "2014.03.02"]

1. d4 Nf6 2. c4 e6 3. Nf3 d5 4. Nc3 Be7 5. Bg5 h6 6. Bxf6 Bxf6 7. e3 O-O 8. Qc2
c5 9. dxc5 dxc4 10. Ne4 Na6 11. Qxc4 Bxb2 12. Rb1 f5 13. Nc3 Ba3 14. Qa4 Bxc5
15. Bxa6 bxa6 16. Qc6 Bb6 17. Qxa8 Qc7 18. Nd5 Ba5+ 19. Nd2 Qc4 20. Ne7+ Kh7
21. Rd1 Rd8 22. Qf3 Bxd2+ 23. Rxd2 Rxd2 24. Kxd2 Qxa2+ 25. Ke1 Qa5+ 26. Kf1
Qa1+ 27. Ke2 Qb2+ 28. Kf1 Qb1+ 29. Ke2 Qb5+ 30. Ke1 Qb4+ 31. Kf1 Qb1+ 32. Ke2
Qc2+ 33. Kf1 Qc1+ 34. Ke2 Qc2+ 35. Kf1 Qc1+ 36. Ke2 Qc4+ 37. Ke1 Qb4+ 38. Kf1
Qb1+ 1/2-1/2

[Event "Europa ch 2014"]
[Site "Yerevan ARM"]
[Date "2014.03.10"]
[Round "7.25"]
[White "Vaganian, Rafael A"]
[Black "Zvjaginsev, Vadim"]
[Result "1/2-1/2"]
[WhiteElo "2570"]
[BlackElo "2653"]
[PlyCount "56"]
[EventDate "2014.03.03"]
[EventType "swiss"]
[EventRounds "11"]
[EventCountry "ARM"]
[Source "lmi"]
[SourceDate "2014.03.02"]

1. d4 Nf6 2. Nf3 g6 3. Bg5 Bg7 4. e3 d5 5. Nbd2 O-O 6. c3 c6 7. Bd3 Bg4 8. Qb3
Qb6 9. Ne5 Be6 10. h3 c5 11. dxc5 Qc7 12. Bf4 Qc8 13. Qa3 Nfd7 14. Nxd7 Nxd7
15. c6 Qxc6 16. Qxe7 Nc5 17. Be2 Qb6 18. Nb3 Nxb3 19. axb3 Qxb3 20. Qa3 Qb6 21.
O-O Rfd8 22. Rad1 a5 23. Rd2 a4 24. Rfd1 Bf8 25. Qa1 Bg7 26. Qa3 Bf8 27. Qa1
Bg7 28. Qa3 Bf8 1/2-1/2

[Event "Europa ch 2014"]
[Site "Yerevan ARM"]
[Date "2014.03.10"]
[Round "7.26"]
[White "Huzman, Alexander"]
[Black "Balogh, Csaba"]
[Result "1/2-1/2"]
[WhiteElo "2569"]
[BlackElo "2651"]
[PlyCount "42"]
[EventDate "2014.03.03"]
[EventType "swiss"]
[EventRounds "11"]
[EventCountry "ARM"]
[Source "lmi"]
[SourceDate "2014.03.02"]

1. d4 d5 2. c4 c6 3. Nc3 Nf6 4. e3 a6 5. Nf3 Bf5 6. Bd3 Bg6 7. O-O e6 8. b3
Nbd7 9. Bb2 Bd6 10. Bxg6 hxg6 11. h3 b5 12. Qc2 O-O 13. e4 Nxe4 14. Nxe4 dxe4
15. Qxe4 Rc8 16. Qe2 Qa5 17. Rfc1 Ba3 18. Bc3 Bb4 19. Bb2 Ba3 20. Bc3 Bb4 21.
Bb2 Ba3 1/2-1/2

[Event "Europa ch 2014"]
[Site "Yerevan ARM"]
[Date "2014.03.10"]
[Round "7.27"]
[White "Popov, Ivan RUS"]
[Black "Grigoryan, Karen H"]
[Result "1-0"]
[WhiteElo "2650"]
[BlackElo "2572"]
[PlyCount "75"]
[EventDate "2014.03.03"]
[EventType "swiss"]
[EventRounds "11"]
[EventCountry "ARM"]
[Source "lmi"]
[SourceDate "2014.03.02"]

1. e4 d5 2. exd5 Qxd5 3. Nc3 Qd6 4. d4 Nf6 5. Nf3 g6 6. g3 Bg7 7. Bg2 O-O 8.
O-O c6 9. h3 Be6 10. Re1 Bd5 11. Bf4 Qd8 12. Qd2 e6 13. Rad1 Nbd7 14. b3 b5 15.
a4 a6 16. axb5 axb5 17. Nxd5 cxd5 18. Ne5 Rc8 19. c4 bxc4 20. bxc4 dxc4 21. Nc6
Rxc6 22. Bxc6 Nb6 23. Rb1 Nfd5 24. Bxd5 Nxd5 25. Rb8 Qe7 26. Reb1 c3 27. Qc1
Nxf4 28. Qxf4 g5 29. Rxf8+ Bxf8 30. Qe3 c2 31. Rc1 Qd8 32. Rxc2 Bg7 33. Qc1 Bf8
34. Rc8 Qe7 35. Qc5 Kg7 36. Qe5+ Kg6 37. g4 Qb4 38. d5 1-0

[Event "Europa ch 2014"]
[Site "Yerevan ARM"]
[Date "2014.03.10"]
[Round "7.28"]
[White "Gabrielian, Artur"]
[Black "Shimanov, Aleksandr"]
[Result "0-1"]
[WhiteElo "2560"]
[BlackElo "2649"]
[PlyCount "58"]
[EventDate "2014.03.03"]
[EventType "swiss"]
[EventRounds "11"]
[EventCountry "ARM"]
[Source "lmi"]
[SourceDate "2014.03.02"]

1. e4 e5 2. Nf3 Nc6 3. Bb5 Nf6 4. O-O Nxe4 5. d4 Nd6 6. Bxc6 dxc6 7. dxe5 Nf5
8. Qxd8+ Kxd8 9. Nc3 Bd7 10. h3 h6 11. b3 Kc8 12. Bb2 b6 13. Rad1 Ne7 14. Rd2
c5 15. Rfd1 Be6 16. Ne2 g5 17. h4 Rg8 18. hxg5 Kb7 19. Nf4 Bg4 20. e6 Bxf3 21.
gxf3 Rxg5+ 22. Kf1 Rf5 23. Rd8 Nc6 24. Rxa8 Kxa8 25. Rd7 Rxf4 26. Rxc7 Ne7 27.
Be5 Rxf3 28. Ke2 Rf5 29. Bd6 Rf6 0-1

[Event "Europa ch 2014"]
[Site "Yerevan ARM"]
[Date "2014.03.10"]
[Round "7.29"]
[White "Hammer, Jon Ludvig"]
[Black "Iordachescu, Viorel"]
[Result "1-0"]
[WhiteElo "2647"]
[BlackElo "2583"]
[PlyCount "63"]
[EventDate "2014.03.03"]
[EventType "swiss"]
[EventRounds "11"]
[EventCountry "ARM"]
[Source "lmi"]
[SourceDate "2014.03.02"]

1. d4 Nf6 2. c4 e6 3. Nf3 b6 4. g3 Ba6 5. b3 Bb7 6. Bg2 Bb4+ 7. Bd2 c5 8. d5
O-O 9. Nh4 exd5 10. Bxb4 cxb4 11. cxd5 Na6 12. O-O Re8 13. Re1 Ne4 14. Bxe4
Rxe4 15. Nd2 Re8 16. Nc4 Nc5 17. Nd6 Rf8 18. Qd4 a5 19. e4 f6 20. Nhf5 Ba6 21.
Rad1 g6 22. Nh6+ Kg7 23. Ng4 h5 24. Ne3 Kh7 25. f4 Qe7 26. Nec4 b5 27. Nb6 Qxd6
28. Nxa8 Rxa8 29. e5 fxe5 30. fxe5 Qc7 31. Rf1 d6 32. e6 1-0

[Event "Europa ch 2014"]
[Site "Yerevan ARM"]
[Date "2014.03.10"]
[Round "7.30"]
[White "Anton Guijarro, David"]
[Black "Ragger, Markus"]
[Result "1-0"]
[WhiteElo "2559"]
[BlackElo "2644"]
[PlyCount "135"]
[EventDate "2014.03.03"]
[EventType "swiss"]
[EventRounds "11"]
[EventCountry "ARM"]
[Source "lmi"]
[SourceDate "2014.03.02"]

1. c4 c5 2. Nf3 Nf6 3. Nc3 Nc6 4. d4 cxd4 5. Nxd4 e6 6. g3 Qb6 7. Nb3 Ne5 8. e4
Bb4 9. Qe2 d6 10. Bd2 a5 11. f4 Nc6 12. Be3 Qd8 13. Nd2 e5 14. Bg2 O-O 15. O-O
Ng4 16. Kh1 Nxe3 17. Qxe3 Bc5 18. Qd3 Nb4 19. Qb1 a4 20. a3 Nc6 21. Qd3 Nd4 22.
Nf3 Bd7 23. Rad1 Qe8 24. Nh4 Rb8 25. Nf5 b5 26. fxe5 dxe5 27. Nd5 bxc4 28. Qxc4
Rc8 29. Qc3 f6 30. g4 Kh8 31. Qh3 Bb5 32. Rf2 Ne6 33. Rc2 g6 34. Rdc1 Bd7 35.
Qh6 Qf7 36. Nh4 Qg7 37. Qd2 Bd4 38. Rxc8 Bxc8 39. Nf3 Bb7 40. Qb4 Bxd5 41. exd5
Nf4 42. Nxd4 exd4 43. Rc7 Nd3 44. Rxg7 Nxb4 45. Rc7 Nd3 46. Rc4 Nf2+ 47. Kg1
Nxg4 48. Rxa4 Rc8 49. Rxd4 Rc1+ 50. Bf1 Ne5 51. Rf4 Kg7 52. a4 Rd1 53. a5 Rxd5
54. Ra4 Rd2 55. Bg2 Rxb2 56. a6 Rb1+ 57. Kf2 Rb2+ 58. Kf1 Rb1+ 59. Ke2 Rb2+ 60.
Kd1 Nd7 61. a7 Nb6 62. Bc6 Rb1+ 63. Kc2 Re1 64. Ra6 Re7 65. Kb3 Rc7 66. Bg2 Kh6
67. Kb4 Rd7 68. Kc5 1-0

[Event "Europa ch 2014"]
[Site "Yerevan ARM"]
[Date "2014.03.10"]
[Round "7.31"]
[White "Lupulescu, Constantin"]
[Black "Esen, Baris"]
[Result "1-0"]
[WhiteElo "2643"]
[BlackElo "2563"]
[PlyCount "65"]
[EventDate "2014.03.03"]
[EventType "swiss"]
[EventRounds "11"]
[EventCountry "ARM"]
[Source "lmi"]
[SourceDate "2014.03.02"]

1. d4 f5 2. g3 Nf6 3. Bg2 g6 4. Nf3 Bg7 5. O-O O-O 6. b3 d6 7. Bb2 Ne4 8. Nbd2
Nc6 9. e3 e5 10. dxe5 Nxd2 11. Nxd2 dxe5 12. Nc4 e4 13. Bxg7 Kxg7 14. f3 exf3
15. Qxf3 Be6 16. Rad1 Qe7 17. Qf4 Bxc4 18. Qxc4 Ne5 19. Qc3 c6 20. e4 fxe4 21.
Rf4 Rae8 22. Rxe4 h5 23. h4 Kh7 24. Rde1 Rf5 25. Kh1 g5 26. R4e3 Kh6 27. Be4
Rf2 28. Bg2 Rf5 29. Be4 Rf2 30. Bxc6 Qe6 31. hxg5+ Kh7 32. Bg2 Rc8 33. Qxe5 1-0

[Event "Europa ch 2014"]
[Site "Yerevan ARM"]
[Date "2014.03.10"]
[Round "7.32"]
[White "Nigalidze, Gaioz"]
[Black "Kuzubov, Yuriy"]
[Result "1-0"]
[WhiteElo "2527"]
[BlackElo "2642"]
[PlyCount "135"]
[EventDate "2014.03.03"]
[EventType "swiss"]
[EventRounds "11"]
[EventCountry "ARM"]
[Source "lmi"]
[SourceDate "2014.03.02"]

1. d4 g6 2. e4 Bg7 3. c4 d6 4. Nc3 e5 5. d5 Nd7 6. Bd3 Ne7 7. Be3 O-O 8. Nf3 f5
9. Ng5 Nf6 10. O-O h6 11. Ne6 Bxe6 12. dxe6 f4 13. Bd2 Nc6 14. Nd5 Re8 15. Qb3
Qc8 16. Bc3 Kh7 17. Rfd1 Rxe6 18. c5 Nd7 19. cxd6 Rxd6 20. Be2 h5 21. Bb5 f3
22. gxf3 Nc5 23. Qc4 Ne6 24. Bxc6 Rxc6 25. Qd3 Rd6 26. Bb4 Rd8 27. Be7 c6 28.
Bxd8 Qxd8 29. Nc3 Qf6 30. Kh1 Rd8 31. Qf1 Rd4 32. Qg2 Nf4 33. Qf1 b5 34. Ne2
Ne6 35. Nxd4 exd4 36. b4 Ng5 37. Rac1 Qf4 38. Qg2 Nxf3 39. Rc5 Bf8 40. Rcc1 Bd6
41. Rg1 Nxg1 42. Rxg1 Qf6 43. a3 Bf4 44. Qf3 Qd6 45. e5 Qxe5 46. Qxc6 Qf5 47.
Re1 d3 48. Re8 d2 49. Rd8 Kh6 50. Qd5 Qf6 51. Kg2 a6 52. h4 g5 53. hxg5+ Qxg5+
54. Kf1 Qf6 55. Qd4 Qxd4 56. Rxd4 h4 57. Kg2 Kg6 58. Kh3 Kf5 59. Kxh4 Ke5 60.
Rd7 Ke4 61. Kg4 Bh6 62. Rd8 Bf4 63. Rd7 Bh6 64. Kg3 Be3 65. f3+ Ke5 66. Rd3 Kf5
67. Kg2 Kf4 68. Rd5 1-0

[Event "Europa ch 2014"]
[Site "Yerevan ARM"]
[Date "2014.03.10"]
[Round "7.33"]
[White "Babujian, Levon"]
[Black "Fedoseev, Vladimir3"]
[Result "0-1"]
[WhiteElo "2491"]
[BlackElo "2641"]
[PlyCount "72"]
[EventDate "2014.03.03"]
[EventType "swiss"]
[EventRounds "11"]
[EventCountry "ARM"]
[Source "lmi"]
[SourceDate "2014.03.02"]

1. d4 Nf6 2. c4 g6 3. Nc3 d5 4. cxd5 Nxd5 5. e4 Nxc3 6. bxc3 Bg7 7. Nf3 c5 8.
Rb1 O-O 9. Be2 b6 10. Bg5 Bb7 11. Qd3 f5 12. exf5 Rxf5 13. Qe3 cxd4 14. cxd4
Nc6 15. Bd3 Rf8 16. Bc4+ Kh8 17. Rd1 Rxf3 18. Qxf3 Na5 19. Qe2 Nxc4 20. Qxc4
Bxg2 21. Rg1 Rc8 22. Qe2 Bc6 23. Rg3 Qd5 24. Be3 Bb5 25. Qb2 Bc4 26. Rc1 e5 27.
Rg5 Bf6 28. Rxe5 Bxe5 29. dxe5 Rd8 30. f3 Qxf3 31. Qf2 Qh1+ 32. Qg1 Qd5 33. Qg4
Qd3 34. Qf3 Kg8 35. Rd1 Qc3+ 36. Rd2 Rxd2 0-1

[Event "Europa ch 2014"]
[Site "Yerevan ARM"]
[Date "2014.03.10"]
[Round "7.35"]
[White "Bacrot, Etienne"]
[Black "Antipov, Mikhail Al"]
[Result "1-0"]
[WhiteElo "2739"]
[BlackElo "2507"]
[PlyCount "77"]
[EventDate "2014.03.03"]
[EventType "swiss"]
[EventRounds "11"]
[EventCountry "ARM"]
[Source "lmi"]
[SourceDate "2014.03.02"]

1. d4 Nf6 2. c4 e6 3. Nf3 b6 4. g3 Ba6 5. Qc2 Bb4+ 6. Bd2 Be7 7. e4 Bb7 8. Nc3
d5 9. cxd5 exd5 10. e5 Ne4 11. Bg2 O-O 12. O-O Nxd2 13. Qxd2 c6 14. h4 Na6 15.
Ne1 Nc7 16. f4 f5 17. exf6 Bxf6 18. Nf3 Qd6 19. Kh2 Rad8 20. Rfe1 Rfe8 21. Rad1
Rxe1 22. Rxe1 c5 23. Ne5 Ba8 24. Bh3 a6 25. a3 cxd4 26. Ne2 Bb7 27. Nxd4 Re8
28. b4 Bxe5 29. fxe5 Qd8 30. a4 Rf8 31. e6 Qe7 32. Nf5 Qf6 33. Nd6 Bc6 34. e7
Rb8 35. Nc8 Bxa4 36. Rf1 Qxf1 37. Bxf1 Rxc8 38. Qc3 Bd7 39. Bxa6 1-0